[Event "World Youth U16 Olympiad 2012"]
[Site "Istanbul TUR"]
[Date "2012.09.01"]
[Round "6.21"]
[White "Melzer,Patrik"]
[Black "Pechac,Jergus"]
[Result "1-0"]
[WhiteElo "2108"]
[BlackElo "2081"]

1.d4 Nf6 2.Nf3 e6 3.c4 Bb4+ 4.Bd2 Qe7 5.a3 Bxd2+ 6.Nbxd2 d6 7.e4 e5 8.d5 O-O
9.g3 h6 10.Bg2 Nh7 11.Qc2 a5 12.O-O f5 13.Nh4 Qf7 14.exf5 Nd7 15.g4 Ndf6
16.h3 b5 17.Rfd1 h5 18.Ng6 Re8 19.f3 Bb7 20.b3 a4 21.cxb5 axb3 22.Qxb3 Bxd5
23.Qb4 hxg4 24.hxg4 Ng5 25.Re1 Rab8 26.f4 exf4 27.Qxf4 Bxg2 28.Kxg2 Qd5+
29.Nf3 Nxf3 30.Qxf3 Qd2+ 31.Qf2 Qxf2+ 32.Kxf2 Nxg4+ 33.Kf3 Rxe1 34.Rxe1 Nh6
35.Kf4 Rxb5 36.Re8+ Kf7 37.Rf8+  1-0

[Event "40th Olympiad Open"]
[Site "Istanbul TUR"]
[Date "2012.09.03"]
[Round "6.52"]
[White "Bravo,Will"]
[Black "Domingos,C"]
[Result "0-1"]
[WhiteElo "2291"]
[BlackElo "2280"]

1.d4 Nf6 2.c4 e6 3.Nf3 Bb4+ 4.Bd2 Qe7 5.g3 O-O 6.Bg2 Nc6 7.O-O Bxd2 8.Qxd2 d5
9.Nc3 dxc4 10.e4 Rd8 11.Rfd1 a6 12.Qe2 b5 13.b3 cxb3 14.axb3 Bb7 15.e5 Nd5
16.Nxd5 Rxd5 17.Rd2 Rd7 18.Rad1 Nb4 19.h4 h6 20.Ne1 Bxg2 21.Kxg2 Rad8 22.Nf3 Rd5
23.g4 c5 24.g5 h5 25.g6 fxg6 26.Qe4 cxd4 27.Ng5 Qe8 28.Rxd4 Rxd4 29.Rxd4 Nd5
30.Kg3 a5 31.Rd1 a4 32.bxa4 bxa4 33.Rd4 a3 34.Qb1 Ra8 35.Qa2 Qc6 36.Nxe6 Qxe6
37.Rxd5 Kh7 38.f4  0-1

[Event "World Youth U16 Olympiad 2012"]
[Site "Istanbul TUR"]
[Date "2012.09.03"]
[Round "7.19"]
[White "Vanagas,T"]
[Black "Kumsiashvili,N"]
[Result "1/2-1/2"]
[WhiteElo "2067"]
[BlackElo "2097"]

1.d4 Nf6 2.c4 e6 3.Nf3 Bb4+ 4.Bd2 Bxd2+ 5.Qxd2 d5 6.Nc3 O-O 7.e3 Qe7 8.cxd5 exd5
9.Bd3 Nc6 10.a3 Rd8 11.Qc2 Bg4 12.O-O Bxf3 13.gxf3 g6 14.Kh1 Nh5 15.Rg1 Qf6
16.Be2 Ne7 17.Na4 c6 18.b4 Nf5 19.Nc5 Nd6 20.Nd3 Nc4 21.f4 Ng7 22.Bg4 Qe7
23.Ne5 Nd6 24.Bf3 f6 25.Nd3 Rac8 26.a4 Ngf5 27.Rac1 Nh4 28.Bg2 Ndf5 29.Qd1 Nxg2
30.Rxg2 Nh4  1/2-1/2

[Event "World Youth U16 Olympiad 2012"]
[Site "Istanbul TUR"]
[Date "2012.09.03"]
[Round "8.7"]
[White "Kucuk,Omer Yasir"]
[Black "Kumsiashvili,N"]
[Result "0-1"]
[WhiteElo "1635"]
[BlackElo "2097"]

1.d4 Nf6 2.c4 e6 3.Nf3 Bb4+ 4.Bd2 Bxd2+ 5.Nbxd2 d6 6.e3 O-O 7.Bd3 Qe7 8.O-O e5
9.Qc2 Re8 10.Ng5 h6 11.dxe5 dxe5 12.Nde4 Nxe4 13.Bxe4 Nd7 14.Bf3 c6 15.a3 a5
16.Rfd1 a4 17.Ne4 Nc5 18.Nd6 Rd8 19.Nxc8 Rdxc8 20.Qf5 g6 21.Qh3 Kg7 22.Qg3 Rd8
23.Be2 Ne4 24.Qh3 Nd2 25.Rac1 f5 26.Rc2 Nb3 27.Qf3 Rxd1+ 28.Bxd1 Rd8 29.Rc3 e4
30.Qe2 Rd2 31.Qe1 Rxb2 32.Bxb3 axb3 33.Qa1 Ra2 34.Qd1 b2 35.Qd4+ Kh7  0-1

[Event "40th Olympiad Open"]
[Site "Istanbul TUR"]
[Date "2012.09.06"]
[Round "9.55"]
[White "Ali,L"]
[Black "Phillips,R"]
[Result "1/2-1/2"]
[WhiteElo "2360"]
[BlackElo "2257"]

1.d4 Nf6 2.c4 e6 3.Nf3 Bb4+ 4.Bd2 Qe7 5.g3 Nc6 6.Bg2 Bxd2+ 7.Nbxd2 O-O 8.O-O d6
9.Rc1 e5 10.d5 Nb8 11.e4 a5 12.Ne1 Bg4 13.f3 Bd7 14.b3 Na6 15.Nc2 c6 16.Ne3 Nc5
17.Qc2 cxd5 18.cxd5 Rfc8 19.Qb1 b5 20.Rf2 Qd8 21.Bf1 Qb6 22.Re1 Re8 23.Kg2 Re7
24.Qb2 Rf8 25.Nb1 Nh5 26.b4 axb4 27.Qxb4 g6 28.Nc3 f5 29.exf5 gxf5 30.Nc4 Qa7
31.Nxd6 Nf4+ 32.Qxf4 exf4 33.Rxe7 b4 34.Ncb5 Qb6 35.Bc4 Rf6 36.Ne8 Bxb5 37.Bxb5 Rg6
38.Bc4 fxg3 39.d6+ Kh8 40.hxg3 f4 41.g4 Qc6 42.Kg1 Nb7 43.Bd3 Rh6  1/2-1/2

[Event "40th Olympiad Open"]
[Site "Istanbul TUR"]
[Date "2012.09.06"]
[Round "9.8"]
[White "Brunello,S"]
[Black "Almasi,Z"]
[Result "1/2-1/2"]
[WhiteElo "2586"]
[BlackElo "2713"]

1.d4 Nf6 2.c4 e6 3.Nf3 Bb4+ 4.Bd2 Bxd2+ 5.Qxd2 d5 6.g3 c6 7.Bg2 Nbd7 8.O-O b6
9.Rc1 Bb7 10.cxd5 cxd5 11.a4 O-O 12.a5 Ne4 13.Qb4 Ba6 14.Bf1 Rb8 15.Nc3 Nef6
16.Qa3 bxa5 17.Qxa5 Bc4 18.Nd2 Rxb2 19.Nxc4 dxc4 20.Qxa7 h5 21.Ra2 Qb8 22.e3 Qxa7
23.Rxa7 Rc8 24.Be2 g6 25.Kf1 Nb6 26.Ra5 Nbd5 27.Nd1 Rb4 28.f3 Nd7 29.e4 N5b6
30.Nc3 Nb8 31.Rb5 Rb3 32.Rc5 Rxc5 33.dxc5 N6d7 34.Na4 Ra3 35.Bd1 Ne5 36.f4 Ng4
37.Bxg4 hxg4 38.Rxc4 Nc6 39.e5 Ra1+ 40.Ke2 Ra2+ 41.Ke3 Rxh2 42.Nc3 Rc2 43.Kd3 Rg2
44.Ne4 g5 45.Ke3 gxf4+ 46.Kxf4 Kg7 47.Nf6 Rf2+ 48.Ke3 Nxe5 49.Kxf2 Nxc4 50.Nxg4 f5
51.Ne3 Ne5 52.Ke2 Kf6 53.Nc2 Nc6 54.Kd3  1/2-1/2

[Event "FSGM Sept 2012"]
[Site "Budapest HUN"]
[Date "2012.09.07"]
[Round "6.2"]
[White "Battey,A"]
[Black "Kantor,G"]
[Result "1-0"]
[WhiteElo "2364"]
[BlackElo "2310"]

1.d4 Nf6 2.c4 e6 3.Nf3 Bb4+ 4.Bd2 Qe7 5.g3 Nc6 6.Nc3 Bxc3 7.Bxc3 Ne4 8.Rc1 O-O
9.Bg2 d6 10.d5 Nxc3 11.Rxc3 Nb8 12.dxe6 fxe6 13.Nd4 c6 14.b4 e5 15.Nc2 Be6
16.Ne3 Nd7 17.b5 cxb5 18.cxb5 Nf6 19.O-O Rac8 20.Rd3 Rfd8 21.a4 Rc5 22.f4 exf4
23.Rxf4 Rdc8 24.Qd2 Rc1+ 25.Rf1 Rxf1+ 26.Kxf1 Ng4 27.Nxg4 Bxg4 28.Bd5+ Kh8
29.Bf3 Bh3+ 30.Kf2 Rd8 31.Qe3 Qf6 32.Qd4 Qg5 33.Qh4 Qc5+ 34.Qd4 Qg5 35.Rc3 Qe7
36.Qh4 Qxh4 37.gxh4 Rc8 38.Re3 Bf5 39.Re7 Bc2 40.a5 Ba4 41.Rxb7 g6 42.b6 axb6
43.a6 d5 44.Bxd5  1-0

[Event "40th Olympiad Open"]
[Site "Istanbul TUR"]
[Date "2012.09.07"]
[Round "10.54"]
[White "Arias Santana,M"]
[Black "Melas,R"]
[Result "1-0"]
[WhiteElo "2326"]
[BlackElo "2108"]

1.d4 Nf6 2.Nf3 e6 3.c4 Bb4+ 4.Bd2 Qe7 5.g3 Nc6 6.Nc3 O-O 7.Bg2 d5 8.cxd5 exd5
9.O-O Re8 10.e3 Bf5 11.Qe2 Qd7 12.Rfc1 Bxc3 13.Bxc3 Ne4 14.Be1 a6 15.Qf1 Re6
16.Nh4 Rh6 17.f3 Ng5 18.Nxf5 Qxf5 19.h4 Ne6 20.g4 Qg6 21.Qf2 Re8 22.g5 Nxg5
23.hxg5 Qxg5 24.f4 Qh5 25.Qf3 Qh2+ 26.Kf1 Rg6 27.Bf2 Nb4 28.Rxc7 Nd3 29.Qh3 Qxh3
30.Bxh3 Rh6 31.Bg2  1-0

[Event "11th Istanbul Open A"]
[Site "Istanbul TUR"]
[Date "2012.09.08"]
[Round "9"]
[White "Ozcan,Bora"]
[Black "Dzhumadullayev,K"]
[Result "0-1"]
[WhiteElo "1681"]
[BlackElo "2254"]

1.d4 Nf6 2.c4 e6 3.Nf3 Bb4+ 4.Bd2 Bxd2+ 5.Nbxd2 d6 6.g3 Qe7 7.e4 e5 8.d5 a5
9.Bg2 Bg4 10.Qc2 Bxf3 11.Bxf3 Nbd7 12.O-O O-O 13.Bg2 g6 14.f4 Ng4 15.Rae1 Nh6
16.Nf3 b6 17.Qd2 Kg7 18.Ng5 Ng8 19.f5 h6 20.Nh3 Nc5 21.g4 g5 22.Nf2 Nf6 23.h3 Rfb8
24.Nh1 b5 25.h4 gxh4 26.g5 hxg5 27.Qxg5+ Kf8 28.cxb5 Ke8 29.Nf2 Nxd5 30.f6 Qxf6
31.Qd2 Nf4 32.Nh3 Nce6 33.Nxf4 Nxf4 34.Qc2 Ra7 35.Qc6+ Ke7 36.Rxf4 Qxf4 37.Rf1 Qg4
38.Kh2 Rg8  0-1

[Event "40th Olympiad Open"]
[Site "Istanbul TUR"]
[Date "2012.09.09"]
[Round "11.48"]
[White "Lapidus,M"]
[Black "Domingos,C"]
[Result "1/2-1/2"]
[WhiteElo "2129"]
[BlackElo "2280"]

1.Nf3 Nf6 2.d4 e6 3.c4 Bb4+ 4.Bd2 Qe7 5.Qc2 d5 6.a3 Bxd2+ 7.Nbxd2 O-O 8.e3 c6
9.Bd3 Nbd7 10.O-O e5 11.cxd5 cxd5 12.dxe5 Nxe5 13.Nxe5 Qxe5 14.h3 Re8 15.Rac1 Be6
16.Nf3 Qh5 17.Nd4 g6 18.Qc7 Bc8 19.Bb5 Rf8 20.Qf4 Ne4 21.Rc7 Qg5 22.Qxg5 Nxg5
23.Rfc1 Rd8 24.Re7 Ne4 25.Rcc7 Nd6 26.Ba4 a6 27.Bb3 Ne8 28.Rc5 Kf8 29.Re5 Nf6
30.g4 h6 31.f4 Rd6 32.Rc7 Be6 33.f5 gxf5 34.gxf5 Bd7 35.Rxb7 Rd8 36.a4 Be8
37.Ra7 Rb8 38.a5 Rbd8 39.Rc7 Rb8 40.Kf1 Rbd8 41.Ke1 Rb8 42.Kd1 Bd7 43.Kc1 Rc8
44.Rxc8+ Bxc8 45.Kc2 Bb7 46.Ba4 Rd8 47.b4 Rc8+ 48.Kb2 Rc4 49.Ka3 Rc3+ 50.Nb3 Bc6
51.Bxc6 Rxc6 52.Nc5 Rd6 53.Kb3 Ne8 54.e4 dxe4 55.Rxe4 Nc7 56.Re3 Rd1 57.Kc4 Rc1+
58.Kd4 Rd1+ 59.Ke5 f6+ 60.Ke4 Rb1 61.Nd3 Ke7 62.Kd4+ Kd6 63.Kc4 Rf1 64.Nc5 Rxf5
65.Rd3+ Kc6 66.Nb3 Rf4+ 67.Rd4 Ne6 68.Rxf4 Nxf4 69.Nd4+ Kb7 70.h4 h5 71.b5 Ng6
72.Nf5 Ne5+ 73.Kc5 Nd7+ 74.Kb4 Ne5 75.b6 Kc6 76.Nd4+ Kd5 77.Kc3 Kd6 78.Nf5+ Kd7
79.Ng3 Ng6 80.Nxh5 Nxh4 81.Nxf6+ Kc6 82.Ne4 Nf5 83.Nc5 Ne7 84.Kc4 Nc8 85.Na4 Nd6+
86.Kb4 Nc8  1/2-1/2

[Event "Dnepropetrovsk Autumn A"]
[Site "Dnepropetrovsk UKR"]
[Date "2012.09.19"]
[Round "4"]
[White "Belenkaya,D"]
[Black "Tarasova,Viktoriy"]
[Result "1-0"]
[WhiteElo "2170"]
[BlackElo "2315"]

1.d4 Nf6 2.c4 e6 3.Nf3 Bb4+ 4.Bd2 a5 5.g3 d6 6.Bg2 Nbd7 7.O-O e5 8.dxe5 dxe5
9.Qc2 O-O 10.Nc3 c6 11.Rad1 Qe7 12.a3 Bd6 13.Bg5 Qe6 14.Nh4 g6 15.e4 Bc5
16.Kh1 Nh5 17.Qe2 f6 18.Bc1 Ng7 19.f4 Qe7 20.Nf3 Ne6 21.Na4 Ba7 22.Qe1 Bb8
23.f5 Nec5 24.Nc3 a4 25.fxg6 hxg6 26.Nh4 Qg7 27.Be3 Bc7 28.Bh3 b6 29.Qf2 Qh7
30.Bg4 Kh8 31.Rd2 Rf7 32.Rfd1 Kg7 33.Qf1 Kf8 34.Qh3 Ke8 35.Bxc5 bxc5 36.Be6 Rg7
37.Qg4 Ba5 38.Rd6 f5 39.Qg5 Bd8 40.Qd2 Bxh4 41.gxh4 Ra6 42.Qg5 Ra7 43.Rxc6 Bb7
44.Rc7 Bxe4+ 45.Nxe4 Rxc7 46.Nd6+  1-0

[Event "Dnepropetrovsk Autumn A"]
[Site "Dnepropetrovsk UKR"]
[Date "2012.09.22"]
[Round "7"]
[White "Tsirulnik,Mari"]
[Black "Gritsayeva,O"]
[Result "0-1"]
[WhiteElo "2184"]
[BlackElo "2319"]

1.d4 Nf6 2.c4 e6 3.Nf3 Bb4+ 4.Bd2 c5 5.Bxb4 cxb4 6.g3 b6 7.Bg2 Bb7 8.O-O a5
9.a3 Na6 10.Nbd2 O-O 11.Re1 Qc7 12.e4 d6 13.e5 dxe5 14.dxe5 Nd7 15.Qc2 h6
16.Rad1 Ndc5 17.Nd4 Bxg2 18.Kxg2 Rfd8 19.N2f3 Qb7 20.Nb5 Rxd1 21.Rxd1 Ne4
22.h4 Nac5 23.Kh2 Nc3 24.bxc3 Qxf3 25.axb4 axb4 26.cxb4 Ne4 27.Rd3 Qxf2+
28.Qxf2 Nxf2 29.Rd4 h5 30.Kg2 Ng4 31.Re4 Ra2+ 32.Kf1 Rb2 33.Ke1 Rxb4 34.Nc3 Rb2
35.Na4 Rb3 36.Kd2 b5 37.Nc5 Rb4 38.cxb5 Rxb5 39.Nd3 Rb1 40.Nf4 g6 41.Kc3 Kg7
42.Kc2 Ra1 43.Kb2 Ra5 44.Nd3 Rd5 45.Kc2 Rxd3 46.Rxg4 Rf3 47.Rg5 Rf5 48.Rxf5 gxf5
49.Kd3 f6  0-1

[Event "TCh-SRB Prem w 2012"]
[Site "Valjevo SRB"]
[Date "2012.09.22"]
[Round "6.1"]
[White "Milivojevic,Jelena"]
[Black "Zivkovic,Ves"]
[Result "0-1"]
[WhiteElo "1979"]
[BlackElo "2097"]

1.d4 Nf6 2.c4 e6 3.Nf3 Bb4+ 4.Bd2 a5 5.Nc3 O-O 6.e3 d5 7.cxd5 exd5 8.a3 Bd6
9.Bd3 c6 10.O-O Bg4 11.h3 Bh5 12.Rc1 Re8 13.Na4 Ne4 14.Be2 Nd7 15.Nc3 Ndf6
16.Ne1 Bxe2 17.Qxe2 Nxc3 18.Bxc3 Ne4 19.Nd3 Qe7 20.Be1 f5 21.Qf3 Rf8 22.Rc2 Rf6
23.Bd2 Ng5 24.Qd1 Qe4 25.Ne5 Nxh3+ 26.gxh3 Bxe5 27.f3 Rg6+ 28.Kf2 Qh4+ 29.Ke2 Bxd4
30.Be1 Qxh3 31.Qxd4 Re8 32.Rf2 Rge6 33.Bd2 Qg3 34.Rc3 f4 35.Rd3 Qg5 36.b4 axb4
37.axb4 Ra8 38.Rf1 Ra2 39.Rf2 h6 40.b5 cxb5 41.Qc3 Ra8 42.Rd4 fxe3 43.Bxe3 Rae8
44.Rd3 Qf4 45.Kd1 Rxe3 46.Rxe3 Qxe3 47.Qxe3 Rxe3 48.Kd2 Ra3 49.Rf1 Kf7 50.Rb1 Rxf3
51.Rxb5 Ke6 52.Rxb7 Rg3  0-1

[Event "TCh-VIE 2012"]
[Site "Ho Chi Minh City VIE"]
[Date "2012.09.23"]
[Round "4.3"]
[White "Pham Chuong"]
[Black "Le Huu Thai"]
[Result "1-0"]
[WhiteElo "2341"]
[BlackElo "2050"]

1.d4 e6 2.c4 Nf6 3.Nf3 Bb4+ 4.Bd2 Qe7 5.g3 O-O 6.Bg2 Bxd2+ 7.Qxd2 d6 8.Nc3 c6
9.O-O b6 10.e4 Ba6 11.e5 Ne8 12.exd6 Qxd6 13.b3 Nd7 14.Rfe1 Nef6 15.Qc2 Rac8
16.Rad1 Rfd8 17.Ne5 Bb7 18.f4 Ba8 19.h3 Nf8 20.Kh2 Qb4 21.Re3 Rd6 22.f5 Rcd8
23.fxe6 Rxe6 24.d5 cxd5 25.Nxd5 Nxd5 26.cxd5 Red6 27.Qc7 f6 28.Qf7+ Kh8 29.Nd3  1-0

[Event "TCh-SRB Prem 2012"]
[Site "Valjevo SRB"]
[Date "2012.09.24"]
[Round "8.1"]
[White "Markus,Rob"]
[Black "Barlov,D"]
[Result "1/2-1/2"]
[WhiteElo "2605"]
[BlackElo "2456"]

1.d4 Nf6 2.c4 e6 3.Nf3 Bb4+ 4.Bd2 a5 5.g3 d6 6.Bg2 Nbd7 7.O-O e5 8.Nc3 exd4
9.Nxd4 O-O 10.Qc2 Bc5 11.Nb3 Bb4 12.Rad1 Qe7 13.Nd4 Nc5 14.Bg5 Bxc3 15.Qxc3 h6
16.Bf4 Nfe4 17.Qc2 Ng5 18.Be3 Bd7 19.Nb3 Nxb3 20.Qxb3 Bc6 21.c5 Bxg2 22.Kxg2 dxc5
23.Qxb7 Ne6 24.Rd2 Rab8 25.Qa6 Qf6 26.Qxa5 Ra8 27.Qc3 Qxc3 28.bxc3 Ra4 29.Rb1 Rfa8
30.Rbb2 Rc4 31.Rdc2 f5 32.h4 h5 33.f3 Kf7 34.Bf2 Ke7 35.Kf1 Kd7 36.Rd2+ Kc6
37.Rd3 Rd8 38.Rc2 Ra4 39.Ke1 Rxd3 40.exd3 f4 41.Re2 Kd7 42.Kf1 g6 43.Kg2 fxg3
44.Bxg3 Ng7 45.Be5 Nf5 46.Bf6 Ra6 47.Bg5 Ra3 48.Bf6 Ra6 49.Bg5 Ra3 50.Bf6  1/2-1/2

[Event "TCh-SRB Prem 2012"]
[Site "Valjevo SRB"]
[Date "2012.09.24"]
[Round "8.3"]
[White "Damljanovic,B"]
[Black "Cabrilo,G"]
[Result "1-0"]
[WhiteElo "2572"]
[BlackElo "2464"]

1.d4 Nf6 2.c4 e6 3.Nf3 Bb4+ 4.Bd2 Qe7 5.g3 Nc6 6.Nc3 d5 7.Bg2 O-O 8.a3 Bxc3
9.Bxc3 a5 10.Nd2 Rd8 11.O-O e5 12.dxe5 Nxe5 13.cxd5 Nxd5 14.Bxe5 Qxe5 15.Nc4 Qf6
16.Qc2 Be6 17.Rad1 b5 18.Nd2 Qe7 19.Nb3 a4 20.Nd4 Qe8 21.Qc5 Qf8 22.Nxe6 fxe6
23.Qxb5 Rdb8 24.Qc4 Rxb2 25.Rxd5  1-0

[Event "21st TCh-CRO w 2012"]
[Site "Sibenik CRO"]
[Date "2012.09.25"]
[Round "3.3"]
[White "Ivekovic,I"]
[Black "Ivekovic,A CRO"]
[Result "0-1"]
[WhiteElo "1898"]
[BlackElo "1991"]

1.d4 Nf6 2.Nf3 e6 3.c4 Bb4+ 4.Bd2 Qe7 5.e3 O-O 6.Be2 Bxd2+ 7.Nbxd2 d6 8.e4 e5
9.d5 Nh5 10.g3 g6 11.Nh4 Ng7 12.O-O a5 13.Bf3 Nd7 14.a3 f5 15.exf5 gxf5 16.Qc2 a4
17.Bg2 Nc5 18.b4 axb3 19.Nxb3 Nxb3 20.Qxb3 b6 21.Qc3 Ra5 22.Rfb1 Bd7 23.Nf3 Qf6
24.Nd2 Qh6 25.Rb4 Rfa8 26.Qb2 Qg5 27.Nb1 Rf8 28.Nc3 Ne8 29.Qe2 Qg7 30.Nb5 f4
31.a4 e4 32.Ra3 f3 33.Bxf3 exf3 34.Rxf3 Rxf3 35.Qxf3 Qa1+ 36.Kg2 Rxa4 37.Rxa4 Qxa4
38.Qe2 Bxb5 39.cxb5 Ng7 40.Qd3 Qg4 41.h3 Qf5 42.Qc4 Qf7 43.g4 Ne8 44.g5 Ng7
45.f4 Nf5 46.Kf3 h6 47.g6 Nh4+  0-1

[Event "Baku Open 2012"]
[Site "Baku AZE"]
[Date "2012.09.27"]
[Round "6.9"]
[White "Sanikidze,T"]
[Black "Khukhashvili,S"]
[Result "1-0"]
[WhiteElo "2586"]
[BlackElo "2396"]

1.d4 Nf6 2.c4 e6 3.Nf3 Bb4+ 4.Bd2 Qe7 5.g3 Nc6 6.Nc3 O-O 7.Bg2 Na5 8.c5 Nc4
9.Bg5 Bxc3+ 10.bxc3 h6 11.Bxf6 Qxf6 12.Qa4 d5 13.cxd6 Nxd6 14.O-O a6 15.Ne5 Rd8
16.Rab1 Qe7 17.Qa3 Qf8 18.Qc1 Ra7 19.e3 f6 20.Nd3 Qe7 21.Qa3 Kf7 22.Qc1 a5
23.e4 a4 24.Rb4 Nc4 25.Nc5 Nb6 26.Qc2 a3 27.Qb3 Nd7 28.Nxb7 Bxb7 29.Rxb7 Rxb7
30.Qxb7 c5 31.Qb3 cxd4 32.cxd4 Rb8 33.Qa4 Rb4 34.Qxa3 Rxd4 35.Qf3 Ra4 36.Qe2 Qa3
37.Rd1 Nf8 38.e5 f5 39.Qh5+ Kg8 40.Qe8 Rb4 41.Bf1 Qa4 42.Qxa4 Rxa4 43.Rd2 g5
44.Bb5 Re4 45.a4 Rxe5 46.Kg2 Re1 47.a5 Ra1 48.a6 Ra5 49.Bc4 Kf7 50.Ra2 Rxa2
51.Bxa2 Nd7 52.a7 Nb6 53.Bc4 Kf6 54.Bb5 e5 55.f3 h5 56.h3 e4 57.fxe4 fxe4
58.h4 gxh4 59.gxh4 Ke5 60.Be8 Kf4 61.Bxh5 Na8 62.Bd1 e3 63.Be2 Nc7 64.Bf3  1-0

[Event "1st Simon Bolivar Open 2012"]
[Site "San Cristobal VEN"]
[Date "2012.09.27"]
[Round "5.9"]
[White "Alcala Vitora,Wilfredo Enrique"]
[Black "Alvarez Pedraza,A"]
[Result "1/2-1/2"]
[WhiteElo "1962"]
[BlackElo "2526"]

1.d4 Nf6 2.c4 e6 3.Nf3 Bb4+ 4.Bd2 c5 5.Bxb4 cxb4 6.Qa4 Nc6 7.Nbd2 O-O 8.e4 d5
9.e5 Ne4 10.Rd1 f6 11.cxd5 exd5 12.Qb3 Kh8 13.Bd3 Nxd2 14.Rxd2 fxe5 15.dxe5 Be6
16.Bb1 Na5 17.Qxb4 Nc4 18.Rd4 Rxf3 19.gxf3 Nxe5 20.Rf4 d4 21.Rg1 Rc8 22.Rg3 d3
23.Kd1 Bd5 24.h4 Qe8 25.Qd4 Rd8 26.Qc3 Rc8 27.Qd4 Rd8 28.Qc3 Bc6 29.h5 Qxh5
30.Qd4 Qe8 31.Qe3 Qh5 32.Qd4 Qh1+ 33.Kd2 Nc4+ 34.Qxc4 Qf1 35.Qd4 Qe2+ 36.Kc3 Qe1+
37.Kb3 Qe6+ 38.Kc3 Qe1+ 39.Kb3 Qe6+ 40.Kc3 Qe1+ 41.Kb3 Qe6+ 42.Ka3 Rxd4  1/2-1/2

[Event "Tatry Open 2012"]
[Site "Tatranske Zruby SVK"]
[Date "2012.09.27"]
[Round "6.27"]
[White "Drabek,M"]
[Black "Polacik,I"]
[Result "1/2-1/2"]
[WhiteElo "2023"]
[BlackElo "2172"]

1.d4 Nf6 2.Nf3 e6 3.c4 Bb4+ 4.Bd2 Qe7 5.a3 Bxd2+ 6.Qxd2 d6 7.Nc3 O-O 8.e3 e5
9.Qc2 Re8 10.Be2 Nbd7 11.O-O e4 12.Nd2 c6 13.Rae1 Nf8 14.f3 d5  1/2-1/2

[Event "Tatry Open 2012"]
[Site "Tatranske Zruby SVK"]
[Date "2012.09.28"]
[Round "7.18"]
[White "Drabek,M"]
[Black "Jasny,S"]
[Result "0-1"]
[WhiteElo "2023"]
[BlackElo "2296"]

1.d4 Nf6 2.Nf3 e6 3.c4 Bb4+ 4.Bd2 c5 5.Bxb4 cxb4 6.e3 O-O 7.Bd3 d6 8.O-O Nc6
9.Nbd2 e5 10.h3 Qe7 11.dxe5 dxe5 12.Be4 Nxe4 13.Nxe4 Rd8 14.Qe2 f5 15.Ned2 e4
16.Ne1 Be6 17.Nc2 Rd3 18.Rfd1 Rad8 19.Ne1 R3d7 20.b3 Qc5 21.Nf1 a5 22.Rxd7 Rxd7
23.Rd1 Rxd1 24.Qxd1 a4 25.Nc2 a3 26.Nd4 Qd6 27.Qd2 Bd7 28.Nxc6 Qxd2 29.Nxd2 Bxc6
30.Kf1 Kf7 31.Ke2 Ke6 32.Nf1 Ke5 33.Ng3 b5 34.c5 Bd5 35.c6 Bxb3 36.c7 Be6  0-1

[Event "30th Balaton GM"]
[Site "Heviz HUN"]
[Date "2012.09.29"]
[Round "7.5"]
[White "Vertetics,A"]
[Black "Ashwin,J"]
[Result "1/2-1/2"]
[WhiteElo "2409"]
[BlackElo "2473"]

1.c4 Nf6 2.Nf3 e6 3.d4 Bb4+ 4.Bd2 a5 5.Nc3 b6 6.g3 Bb7 7.Bg2 O-O 8.O-O d6
9.Qc2 Nbd7 10.Rfe1 Bxc3 11.Bxc3 Be4 12.Qd2 c6 13.Qf4 Qe7 14.Ne5 Bxg2 15.Nxd7 Qxd7
16.Kxg2 d5 17.cxd5 cxd5 18.f3 b5 19.Rec1 Rfc8 20.Be1 b4 21.g4 h6 22.Qd2 Ne8
23.Bg3 Nd6 24.Bxd6 Qxd6 25.Rc2 Rxc2 26.Qxc2 e5 27.Rc1 exd4 28.Qc6 Qd8 29.Rc5 Rb8
30.Qxd5 Qxd5 31.Rxd5 Rc8 32.Rxa5 Rc2 33.Kf1 Rxb2 34.a3 d3 35.exd3 bxa3 36.Rxa3  1/2-1/2

[Event "1st Simon Bolivar Open 2012"]
[Site "San Cristobal VEN"]
[Date "2012.09.29"]
[Round "9.6"]
[White "Vazquez Igarza,R"]
[Black "Rios,Cr"]
[Result "1-0"]
[WhiteElo "2566"]
[BlackElo "2360"]

1.d4 Nf6 2.c4 e6 3.Nf3 Bb4+ 4.Bd2 a5 5.g3 d6 6.Bg2 Nbd7 7.O-O e5 8.Be3 exd4
9.Bxd4 O-O 10.Nc3 Bc5 11.Qc2 Re8 12.Rad1 Bxd4 13.Nxd4 Nc5 14.b3 c6 15.Rd2 Qb6
16.a3 Bg4 17.Qb2 Bh5 18.b4 axb4 19.axb4 Na4 20.Qb3 Nxc3 21.Qxc3 Bg6 22.c5 dxc5
23.bxc5 Qa5 24.Qxa5 Rxa5 25.Rb2 Rxc5 26.Rxb7 h6 27.Rc7 Be4 28.e3 Bxg2 29.Kxg2 Ne4
30.Ra1 Rc3 31.Rxc6 Rxc6 32.Nxc6 Re6 33.Nd4 Rb6 34.Ra8+ Kh7 35.Re8 Nd6 36.Re7 Rb7
37.Rxb7 Nxb7 38.g4 Kg6 39.f4 Kf6 40.e4 Nc5 41.Kf3 g5 42.e5+ Ke7 43.f5 Nd3
44.f6+ Ke8 45.Ke4 Nf2+ 46.Kf5 Nd1 47.Nc2 Kf8 48.e6 fxe6+ 49.Kg6 e5 50.Kxh6 e4
51.Kg6  1-0

[Event "Oslo GM Open 2012"]
[Site "Oslo NOR"]
[Date "2012.09.30"]
[Round "9.3"]
[White "Urkedal,F"]
[Black "Rozentalis,E"]
[Result "0-1"]
[WhiteElo "2470"]
[BlackElo "2570"]

1.d4 Nf6 2.c4 e6 3.Nf3 Bb4+ 4.Bd2 c5 5.Bxb4 cxb4 6.e3 O-O 7.a3 bxa3 8.Nxa3 d6
9.Be2 Qe7 10.O-O e5 11.b4 Bg4 12.h3 Bh5 13.Nb5 Nc6 14.Rb1 a5 15.c5 dxc5 16.bxc5 exd4
17.exd4 Nd5 18.Re1 Nf4 19.Bf1 Qf6 20.Rb3 Rad8 21.g4 Bg6 22.Nd6 Ne6 23.Rxb7 Ncxd4
24.Nxd4 Nxc5 25.Rb6 Rxd6 26.Rxd6 Qxd6 27.Nf5 Qxd1 28.Ne7+ Kh8 29.Nxg6+ hxg6
30.Rxd1 a4 31.Bg2 Rb8 32.Bc6 Kg8 33.Rd5 a3 34.Rxc5 a2 35.Ra5 Rb1+ 36.Kg2 a1=Q
37.Rxa1 Rxa1 38.h4 Ra5 39.g5 Rc5 40.Be4 Kf8 41.Kg3 Ke7 42.Bb1 Ra5 43.f3 Ke6
44.Bc2 Ra3 45.Be4 Ke5 46.Bc6 Ra7 47.Be8 Kf5 48.Bb5 Rc7 49.Bd3+ Ke5 50.Bb5 f6
51.gxf6 gxf6 52.Be8 Rc1 53.Kg2 Kf5 54.Kg3 Rd1 55.Ba4 Rg1+ 56.Kf2 Ra1 57.Bc2+ Kf4
58.Bxg6 Ra2+ 59.Kg1 Ke5  0-1

[Event "TCh-FIN SM 2012-13"]
[Site "Porvoo FIN"]
[Date "2012.09.30"]
[Round "2.5"]
[White "Lehtivaara,P"]
[Black "Nyysti,S"]
[Result "0-1"]
[WhiteElo "2309"]
[BlackElo "2352"]

1.d4 Nf6 2.c4 e6 3.Nf3 Bb4+ 4.Bd2 a5 5.g3 d6 6.Bg2 Nbd7 7.O-O e5 8.Bg5 exd4
9.Nxd4 O-O 10.a3 Bc5 11.Nc3 h6 12.Bf4 a4 13.Rc1 c6 14.Nxc6 bxc6 15.Bxc6 Ra6
16.Bb5 g5 17.Bxa6 gxf4 18.Bxc8 Qxc8 19.Nd5 Nxd5 20.Qxd5 fxg3 21.hxg3 Nf6
22.Qf3 Qe6 23.e3 Ne4 24.Rc2 Ng5 25.Qg2 Qf5 26.f4 Bxe3+ 27.Kh1 Ne6 28.g4 Qf6
29.f5 Nd4 30.Rc3 Re8 31.Qh2 Bg5 32.Rd3 Re2 33.Qg1 Be3 34.g5 hxg5  0-1

[Event "TATA 50th ch-IND National Premier"]
[Site "Kolkata IND"]
[Date "2012.10.01"]
[Round "1.4"]
[White "Lalith,B"]
[Black "Sagar,S"]
[Result "1/2-1/2"]
[WhiteElo "2540"]
[BlackElo "2352"]

1.d4 Nf6 2.c4 e6 3.Nf3 Bb4+ 4.Bd2 Qe7 5.Nc3 Bxc3 6.Bxc3 Ne4 7.Rc1 O-O 8.g3 d6
9.Bb4 c5 10.Ba3 b6 11.Bg2 Bb7 12.O-O Nd7 13.b4 cxd4 14.Qxd4 a5 15.b5 Ndc5
16.Qe3 e5 17.Nd2 Nxd2 18.Qxd2 Bxg2 19.Kxg2 Rac8 20.Rfd1 Rfd8 21.Qe3 Qb7+
22.Kg1 Qc7 23.Rd5 Nb7 24.h4 Re8 25.Qd2 Re6 26.e4 h6 27.h5 Rf6 28.Kg2 Qe7
29.Qe3 Qc7 30.f3 Re6 31.Rc2 Rf6 32.Qe2 Re6 33.Bc1 Nc5 34.Be3 Nd7 35.Qf2 Rb8
36.Rd1 Rf8 37.g4 Rc8 38.Kh2 f6 39.Rd5 Kf7 40.Kg2 Rb8  1/2-1/2

[Event "21st TCh-CRO 1a 2012"]
[Site "Sibenik CRO"]
[Date "2012.10.01"]
[Round "9.22"]
[White "Postny,E"]
[Black "Filippov,An UZB"]
[Result "1/2-1/2"]
[WhiteElo "2637"]
[BlackElo "2617"]

1.d4 Nf6 2.c4 e6 3.Nf3 Bb4+ 4.Bd2 a5 5.g3 d5 6.Qc2 O-O 7.Bg2 c5 8.cxd5 cxd4
9.Nxd4 Qb6 10.Nf3 Bxd2+ 11.Nbxd2 exd5 12.O-O Nc6 13.Qb3 Ra6 14.Qxb6 Rxb6
15.b3  1/2-1/2

[Event "TCh-ISL 2012-13"]
[Site "Reykjavik ISL"]
[Date "2012.10.05"]
[Round "1.3"]
[White "Olafsson,F"]
[Black "Ulfarsson,M"]
[Result "1-0"]
[WhiteElo "2431"]
[BlackElo "2388"]

1.d4 Nf6 2.Nf3 e6 3.c4 Bb4+ 4.Bd2 Qe7 5.a3 Bxd2+ 6.Nfxd2 d6 7.e3 e5 8.dxe5 dxe5
9.Nc3 O-O 10.Be2 Re8 11.g4 c6 12.g5 Nfd7 13.Nde4 Nc5 14.Qd6 Nxe4 15.Qxe7 Rxe7
16.O-O-O Bd7 17.Nxe4 Na6 18.b4 Bf5 19.Nd6 Be6 20.Rd2 Rb8 21.Rhd1 Nc7 22.Kb2 Ne8
23.Ne4 b6 24.Kc3 Kf8 25.Bf3 Rc7 26.Nd6 Ke7 27.Nxe8 Rxe8 28.Be4 Rh8 29.f4 exf4
30.exf4 g6 31.Re1 Rd8 32.f5 gxf5 33.Bxf5 Rxd2 34.Kxd2 Rc8 35.Re4 Rg8 36.h4 Rh8
37.Ke3 Kd7 38.Bxe6+ fxe6 39.Rf4 Kd6 40.Ke4 h6 41.g6 h5 42.Rf6 Rg8 43.Kf4 b5
44.cxb5 cxb5 45.Kg5 Kd5 46.Kxh5 e5 47.Kg5  1-0

[Event "TCh-SWE Elite 2012-13"]
[Site "Sweden SWE"]
[Date "2012.10.05"]
[Round "1"]
[White "Fransson,Pa"]
[Black "Akesson,J"]
[Result "0-1"]
[WhiteElo "2133"]
[BlackElo "2288"]

1.d4 e6 2.Nf3 Nf6 3.c4 Bb4+ 4.Bd2 Qe7 5.Nc3 O-O 6.Qc2 d6 7.e4 e5 8.d5 Bg4
9.h3 Bxf3 10.gxf3 Nh5 11.a3 Bxc3 12.Qxc3 Nd7 13.Rg1 a5 14.Rg5 Ndf6 15.Rc1 b6
16.h4 g6 17.Bd3 h6 18.Rg1 Nf4 19.Bxf4 exf4 20.b4 axb4 21.axb4 Nd7 22.Rg4 Qe5
23.Qd2 Ra3 24.Be2 Ra1 25.Rxa1 Qxa1+ 26.Qd1 Qxd1+ 27.Kxd1 Ne5 28.Rxf4 h5 29.c5 bxc5
30.bxc5 Kg7 31.c6 Ra8 32.Kd2 Ra3 33.Kc2 Ra2+ 34.Kd1 Rb2 35.Ke1 f6 36.Kd1 Ra2
37.Ke1 Ra4 38.Kd2 Ra3 39.Kc2 Ra5 40.Kd2 Kf7 41.Kc2 Ke7 42.Kd2 Nf7 43.Bc4 Ra4
44.Bb3 Ra3 45.Bd1 Ra2+ 46.Ke1 Ne5 47.Be2 Rb2 48.Kd1 Rb4 49.Kd2 Nf7 50.Kc3 Ra4
51.Kb3 Ra5 52.Bc4 Rc5 53.Bf1 Rc1 54.Be2 Ne5 55.Kb2 Re1 56.Ba6 Rh1 57.Kc2 Rh2
58.Kd2 Rxf2+ 59.Be2 Rh2 60.Ke1 Rh1+ 61.Kf2 Ra1 62.Ke3 Ra3+ 63.Kd2 Ra4 64.Ke3 Rb4
65.Bf1 Nf7 66.e5 Rxf4 67.Kxf4 dxe5+ 68.Ke3 Nd6 69.Bd3 Nf5+ 70.Kf2 Nxh4 71.Kg3 g5
72.Bh7 Kd6 73.Bg8 Nf5+ 74.Kh3 Ne7 75.Bf7 h4 76.Kg4 Nxd5 77.Bg6 Ne7 78.Bd3 Nxc6  0-1